000 01950cam a22004814i 4500
003 PE-LiUPU
005 20250731172946.0
008 150623s r 000 0 d
020 _a0664221092
035 _a(Sirsi) i9780664221096
040 _aPE-LiUPU
_bspa
_cPE-LiUPU
_erda
049 _aPRUA
082 0 4 _a221.07
_bOTL
_221
100 1 _aCollins, John Joseph,
_eautor.
245 1 0 _aJewish wisdom in the Hellenistic age /
_cJohn Joseph Collins.
264 1 _aLouisville, Kentucky :
_bWestminster John Knox Press,
_c1997.
300 _a275 páginas ;
_c23 centímetros.
336 _atext
_2rdacontent
337 _aunmediated
_2rdamedia
338 _avolume
_2rdacarrier
490 0 _a(The Old Testament Library)
504 _aIncluye bibliografía.
505 0 _aWhere is wisdom to be found?. -Hebrew wisdom: Ben sira in his Hellenistic context. -Wisdom and the law. -Ben Sira's ethics. -The problem of evil and the Justice of God. -The history and destiny of Israel. -Wisdom in the dead sea scrolls. -Wisdom in the Hellenistic diaspora: the diaspora setting. -Jewish ethics in Hellenistic dress: the sentences of Pseudo-phocylides. -Wisdom and inmortality. -Wisdom and the cosmos. -Epilpogue.
526 _aSEG42
526 _aSEG41
526 _aSEG40
526 _aSEG39
526 _aP94
526 _aP87
526 _aP86
526 _aP85
526 _aP77
526 _aP76
526 _aP35
600 0 _aPseudo-Focilides
_xCrítica e interpretación
_91325
600 0 _aPseudo-Focilides
_xConsejos, reflexiones, etc.
_91325
650 0 _aHelenismo
_91324
650 0 _aSabiduría
_xEnseñanza bíblica
_91326
942 _2ddc
_cBK
949 _a221.07 OTL 42
_wDEWEY
_c1
_i44768
_lCCODEBUL1
_mBUL
_r0
_sY
_tBOOK
_u2015-6-24
_xTEOLOGIA
_0COMPRA
_o.STAFF. Colección General
999 _c21637
_d21637
980 _81
_gALBERTO SANCHEZ Responsable de Automatización